| Record ID | ia:relambertson1961rela |
| Source | Internet Archive |
| Download MARC XML | https://archive.org/download/relambertson1961rela/relambertson1961rela_marc.xml |
| Download MARC binary | https://www.archive.org/download/relambertson1961rela/relambertson1961rela_meta.mrc |
LEADER: 01073cam 2200325Ka 4500
001 1164624
005 20140224210117.0
008 140224s1961 alua c 000 0 eng d
016 7 $aCAT31164624$2DNAL
035 $a(OCoLC)ocn870968038
035 $a1164624
040 $aAGL$cAGL
070 0 $a62.01$b1961
049 $aAGLL
245 00 $aR.E. Lambert & Son.
246 13 $aWe yet have high germinating cotton seed
260 $aDarlington, Ala. :$bR.E. Lambert & Sons,$c1961.
300 $a1 folded sheet ([5] p.) :$bill. ;$c41 x 24 cm folded to 11 cm x 24 cm.
500 $aCover title (when folded).
500 $a"May 8, 1961."
650 0 $aVegetables$xSeeds$vCatalogs.
650 0 $aGrasses$xSeeds$vCatalogs.
650 0 $aGrain$xSeeds$vCatalogs.
650 0 $aHorticulture$xEquipment and supplies$vCatalogs.
710 2 $aR.E. Lambert & Son.
710 2 $aHenry G. Gilbert Nursery and Seed Trade Catalog Collection.
930 $a20140224$b00000000$c00000000
945 $aDigiMet
946 $aOther US
958 $aresource$be$c2014/02/24$do$ejondusko$f$hrecon